La crisis del lazo social (Registro nro. 54373)
[ vista simple ]
| 000 -LEADER | |
|---|---|
| campo de control de longitud fija | 00739nam a2200229 i 4500 |
| 001 - NÚMERO DE CONTROL | |
| campo de control | 54373 |
| 003 - IDENTIFICADOR DE NÚMERO DE CONTROL | |
| campo de control | ES-MaACL |
| 005 - FECHA Y HORA DE LA ÚLTIMA TRANSACCIÓN | |
| campo de control | 20250828144029.0 |
| 007 - CAMPO FIJO DE DESCRIPCIÓN FÍSICA--INFORMACIÓN GENERAL | |
| campo de control de longitud fija | t| |
| 008 - DATOS DE LONGITUD FIJA--INFORMACIÓN GENERAL | |
| campo de control de longitud fija | 031210s1998 ag ||||1| spa d |
| 020 ## - NÚMERO INTERNACIONAL ESTÁNDAR DEL LIBRO | |
| Número Internacional Estándar del Libro | 950-23-0851-4 |
| 080 ## - NÚMERO DE LA CLASIFICACIÓN DECIMAL UNIVERSAL | |
| Número de la Clasificación Decimal Universal | 316 Durkheim, Emile |
| 245 03 - MENCIÓN DEL TÍTULO | |
| Título | La crisis del lazo social |
| Resto del título | : (Durkheim, cien años después) / |
| Mención de responsabilidad, etc. | Emilio de Ipola, compilador. |
| 260 ## - PUBLICACIÓN, DISTRIBUCIÓN, ETC. | |
| Lugar de publicación, distribución, etc. | Buenos Aires : |
| Nombre del editor, distribuidor, etc. | Eudeba, |
| Fecha de publicación, distribución, etc. | 1998. |
| 300 ## - DESCRIPCIÓN FÍSICA | |
| Extensión | 110 p. ; |
| Dimensiones | 23 cm. |
| 490 1# - MENCIÓN DE SERIE | |
| Mención de serie | Estudios de sociología |
| 600 14 - PUNTO DE ACCESO ADICIONAL DE MATERIA--NOMBRE DE PERSONA | |
| Nombre de persona | Durkheim, Émile, |
| Fechas asociadas al nombre | 1858-1917- |
| Subdivisión general | Crítica e interpretación |
| 9 (RLIN) | 46303 |
| 700 1# - ENTRADA AGREGADA--NOMBRE PERSONAL | |
| Nombre de persona | Ipola, Emilio de. |
| 9 (RLIN) | 65393 |
| 830 0# - PUNTO DE ACCESO ADICIONAL DE SERIE-TÍTULO UNIFORME | |
| Título uniforme | Estudios de sociología |
| 9 (RLIN) | 182505 |
| 852 ## - LOCALIZACIÓN | |
| Ubicación | ES-MaACL |
| Número de control de estantería | L-26718 |
| Sublocalización o colección | R.131225 |
| Estatus retirado | Estado de pérdida | Estado de daño | No para préstamo | Biblioteca de origen | Biblioteca actual | Ubicación en estantería | Fecha de adquisición | Fuente de adquisición | Total de préstamos | Signatura topográfica completa | Código de barras | Visto por última vez | Precio de reemplazo | Tipo de ítem Koha |
|---|---|---|---|---|---|---|---|---|---|---|---|---|---|---|
| Biblioteca del Ateneo de Madrid | Biblioteca del Ateneo de Madrid | Depósito 2 | 17/01/2008 | L-26718 | 1057136 | 23/02/2023 | 23/02/2023 | Libro impreso |
